Une lettre suffit pour répondre juste #84 (attention 10 lettres tuent) - Statistiques

Statistiques générales
  • Ce quiz a été pris 117 fois
  • Le résultat moyen est 2 sur 6
Statistiques - réponses
Hint Réponse % Correct
Donne une des 5 lettres qui complète le nom de ce jeu vidéo : Candy _ _ _ _ _
CRUSH
100%
Donne une des 4 lettres du mot qui désigne une technique de frappe au tennis consistant à appliquer une rotation de bas en haut sur la balle lors de la frappe (aussi appelé top-spin) :
LIFT
60%
Donne une des 3 lettres du prénom de l'acteur et humoriste qui a joué dans : La Vérité si je mens ! 2 Chouchou La Doublure Coco Un bonheur n'arrive jamais seul GAD
46%
Donne une des 2 lettres qui est entendu quand est dit à haute voix le mot qui désigne la Potence où l'on exécutait les condamnés à la pendaison JB (Gibet)
10%
Donne la dernière lettre de tous les présidents de la république d'Arménie depuis son indépendance en 1991 jusqu'en 2025 N (Petrossian, Kotcharian, Sarkissian,Simonian,Khatchatrian)
4%
Donne la lettre qui est le titre du thriller franco-allemand coécrit, produit et réalisé par Alexandre Arcady, sorti en 1997 avec Patrick Bruel
K
2%
Aucun quiz correspondant
Distribution des résultats
% des personnes avec chaque résultat
Percentile par nombre de réponses
Votre historique - résultats
Vous n’avez pas pris ce quiz